[Event "Daventry 4NCL Easter op-A 3rd"]
[Site "Daventry"]
[Date "2023.04.09"]
[Round "4"]
[White "Cast, Julian"]
[Black "Gibbon, Eric"]
[Result "1-0"]
[WhiteElo "1890"]
[BlackElo "1847"]
[PlyCount "69"]
[EventDate "2023.04.07"]
[EventType "swiss"]
[EventRounds "7"]
[EventCountry "ENG"]
[SourceTitle "CBM 213 Extra"]
[Source "ChessBase"]
[SourceDate "2023.05.31"]
[SourceVersion "1"]
[SourceVersionDate "2023.05.31"]
[SourceQuality "1"]

1. d4 d6 2. Nf3 Nf6 3. e3 c6 4. b3 Qa5+ 5. Bd2 Qc7 6. Bc3 Bg4 7. Nbd2 e6 8. h3 Bh5 9. Bb2 d5 10. g4 Bg6 11. Ne5 Nbd7 12. Nxg6 hxg6 13. Bg2 e5 14. dxe5 Nxe5 15. Qe2 0-0-0 16. 0-0-0 Bd6 17. Kb1 Rhe8 18. g5 Nh5 19. Bf3 Nxf3 20. Qxf3 Be5 21. Qg4+ Kb8 22. Bxe5 Rxe5 23. h4 Qe7 24. Rh3 b6 25. Rf3 d4 26. Nc4 Re4 27. Rxf7 Rxg4 28. Rxe7 Rxh4 29. Ne5 Rd6 30. Rxd4 Rhxd4 31. exd4 Nf4 32. Kb2 Ne6 33. Nxc6+ Rxc6 34. d5 Rc7 35. Rxe6 1-0

[Event "Leamington Spa 4NCL op-A 28th"]
[Site "Leamington Spa"]
[Date "2022.07.09"]
[Round "2"]
[White "Cast, Julian"]
[Black "Hertog, Alexander"]
[Result "1-0"]
[WhiteElo "1909"]
[BlackElo "1540"]
[PlyCount "57"]
[EventDate "2022.07.08"]
[EventType "swiss"]
[EventRounds "5"]
[EventCountry "ENG"]
[SourceTitle "CBM 209 Extra"]
[Source "ChessBase"]
[SourceDate "2022.09.30"]
[SourceVersion "1"]
[SourceVersionDate "2022.09.30"]
[SourceQuality "1"]

1. d4 d5 2. e3 Nf6 3. Bd3 e6 4. Nd2 c5 5. c3 Nc6 6. f4 Nd7 7. Ngf3 g6 8. 0-0 f5 9. b3 Nf6 10. Bb2 Bg7 11. dxc5 Ne4 12. Nd4 Nxc5 13. Bb5 Bd7 14. Ba3 Nxd4 15. Bxd7+ Qxd7 16. cxd4 Ne4 17. Nxe4 dxe4 18. Qd2 Kf7 19. Qa5 b6 20. Qa6 Rac8 21. Rac1 Rhd8 22. Rfd1 Bf8 23. Bxf8 Kxf8 24. Rc4 Rc7 25. Rdc1 Rdc8 26. Qxc8+ Qxc8 27. Rxc7 Qa6 28. Rxh7 g5 29. Rcc7 1-0

[Event "South Normanton 4NCL op 23rd"]
[Site "South Normanton"]
[Date "2019.10.05"]
[Round "3"]
[White "Cast, Julian"]
[Black "Modi, Kishan Jagdish"]
[Result "1/2-1/2"]
[WhiteElo "1908"]
[BlackElo "2004"]
[PlyCount "62"]
[EventDate "2019.10.04"]
[EventType "swiss"]
[EventRounds "5"]
[EventCountry "ENG"]
[SourceTitle "CBM 192 Extra"]
[Source "Chessbase"]
[SourceDate "2019.11.06"]
[SourceVersion "1"]
[SourceVersionDate "2019.11.06"]
[SourceQuality "1"]

1. e4 c5 2. Nf3 d6 3. d3 g6 4. g3 Bg7 5. Bg2 Nc6 6. 0-0 e6 7. Re1 Nge7 8. c3 0-0 9. Bf4 e5 10. Be3 f5 11. Qd2 b6 12. c4 fxe4 13. dxe4 Bg4 14. Ng5 Nd4 15. h3 Bd7 16. f4 h6 17. Nf3 Bxh3 18. Nxd4 exd4 19. Bxh3 dxe3 20. Rxe3 Bd4 21. Nc3 Nc6 22. Kg2 Bxe3 23. Qxe3 Kg7 24. Nd5 Re8 25. Rh1 Nd4 26. Kf2 Rb8 27. Bf1 g5 28. Bd3 b5 29. cxb5 Qd7 30. fxg5 Qf7+ 31. Nf6 Rh8 1/2-1/2

[Event "Harrogate 4NCL op-B 21st"]
[Site "Harrogate"]
[Date "2019.01.20"]
[Round "4"]
[White "Cast, Julian"]
[Black "Tamas, Szilard"]
[Result "1/2-1/2"]
[WhiteElo "1982"]
[BlackElo "1821"]
[PlyCount "109"]
[EventDate "2019.01.18"]
[EventType "swiss"]
[EventRounds "5"]
[EventCountry "ENG"]
[SourceTitle "CBM 188 Extra"]
[Source "ChessBase"]
[SourceDate "2019.02.26"]
[SourceVersion "1"]
[SourceVersionDate "2019.02.26"]
[SourceQuality "1"]

1. e4 c5 2. c3 d5 3. exd5 Qxd5 4. d4 Nc6 5. Nf3 Bg4 6. Be2 e6 7. h3 Bxf3 8. Bxf3 Qd7 9. 0-0 Nf6 10. Bg5 h6 11. Bxf6 gxf6 12. d5 Ne5 13. dxe6 fxe6 14. Bh5+ Ke7 15. Qc2 Rg8 16. f4 Nd3 17. Na3 b5 18. Rad1 Rd8 19. Rf3 c4 20. f5 Qd5 21. Rdf1 e5 22. Qe2 Rg5 23. Bg6 Kd7 24. Kh1 Nf4 25. Rd1 Nxe2 26. Rxd5+ Ke7 27. Rxd8 Kxd8 28. Rf2 Nf4 29. Rd2+ Nd3 30. Nxb5 a6 31. Na3 Bxa3 32. bxa3 Ke7 33. Kh2 Nf4 34. Bh7 Rg7 35. Rb2 Kd6 36. Bg6 Kc5 37. Be8 e4 38. g3 Nd3 39. Re2 Re7 40. Ba4 Nc1 41. Re3 Nxa2 42. Bc2 Kd5 43. g4 Nc1 44. Kg3 Nd3 45. h4 Ke5 46. Ba4 Nc5 47. Bc2 Rd7 48. g5 hxg5 49. hxg5 Rg7 50. Bxe4 Rxg5+ 51. Kf3 Nxe4 52. Rxe4+ Kxf5 53. Rxc4 Kg6 54. a4 Re5 55. Kf4 1/2-1/2